000 00486cam a2200181 4500
001 D4175
008 090401t1983 xxu||||| |||| 00| 0 eng d
035 _a(Sirsi) u76902
041 _aeng
050 _a336.2
110 _aBoard of Inland Revenue
_bValuation Office
_91068
245 _aReport and property market summary for the year ended 31 March 1983
260 _aLondon
_bValuation Office
_c1983
300 _ac50p. 30cm
350 _a2.5
942 _n0
948 _c04/03/1997
999 _c96259
_d96259